KOHA-Header-6

Business Economics (Record no. 12414)

000 -LEADER
fixed length control field 00343nam a22001337a 4500
020 ## - INTERNATIONAL STANDARD BOOK NUMBER
ISBN 9781861520487
082 ## - DEWEY DECIMAL CLASSIFICATION NUMBER
Classification number 330
100 ## - MAIN ENTRY--AUTHOR NAME
Personal name Malcolm Greenwood, Martin Carter
245 ## - TITLE STATEMENT
Title Business Economics
Remainder of title Concepts and cases
260 ## - PUBLICATION, DISTRIBUTION, ETC. (IMPRINT)
Place of publication UK
Name of publisher Thomson Learning
Year of publication 1997
300 ## - PHYSICAL DESCRIPTION
Number of Pages 304 pages
490 ## - SERIES STATEMENT
Series statement Elements of Business Series
942 ## - ADDED ENTRY ELEMENTS (KOHA)
Koha item type Books
Holdings
Withdrawn status Lost status Collection code Permanent Location Current Location Shelving location Date acquired Full call number Accession Number Koha item type
    Economics MAJU MAJU Shelf No.A47 2020-06-08 330 5109 Economics

Powered by Koha